| 000 | 00551nam a22001697a 4500 | ||
|---|---|---|---|
| 005 | 20231103090531.0 | ||
| 008 | 231103b |||||||| |||| 00| 0 eng d | ||
| 041 | _aEnglish | ||
| 082 | _a346.6 CLO | ||
| 100 |
_aCloete, JH and Britzius, O _lEnglish |
||
| 245 |
_aSouth African Company Secretarial Practice / _cJH Cloete and O Britzuis |
||
| 250 | _aFourth Edition | ||
| 260 |
_aCape Town : _bJuta and Company Ltd, _c1953 |
||
| 300 |
_bxv, 539 pages ; _c23 cm. |
||
| 650 |
_aLegal practice _bLaw |
||
| 942 |
_cBK _6ALISON_BN_VRIES |
||
| 999 |
_c283 _d283 |
||